000 00313nam a2200145Ia 4500
100 _aBose/ N.K./ Liang/ P
942 _cBK
654 _aComputer
245 _aNeural networks Fundamentals
260 _bTata Mc Graw hill
_c1998
082 _a6.3
_bBOS/LIA
300 _a478
546 _aENGLISH
999 _c23269
_d23269